| 000 | 00550nam a2200169 i 4500 | ||
|---|---|---|---|
| 001 | 52786 | ||
| 003 | ES-MaACL | ||
| 005 | 20230906162638.0 | ||
| 007 | t| | ||
| 008 | 030904s1934 sp ||||1| spa d | ||
| 100 | 1 |
_aDecroly, Ovide. _943187 |
|
| 245 | 1 | 3 |
_aEl niño anormal _b: estudios pedagógicos y psicológicos / _cOvide Decroly ; traducción de Jacobo Orellana Garrido. |
| 260 |
_aMadrid : _b[s.n.], _c1934 ( _fImp. Torrent) |
||
| 300 |
_a243 p. ; _c23 cm. |
||
| 700 | 1 |
_aOrellana Garrido, Jacobo. _987228 |
|
| 852 |
_aES-MaACL _jA-4821 _bR.16774 |
||
| 999 |
_c52786 _d52786 |
||